| 000 | 00727nam a22002057a 4500 | ||
|---|---|---|---|
| 999 |
_c16541 _d16541 |
||
| 003 | AR-CdUCM | ||
| 008 | 190503b ||||| |||| 00| 0 spa d | ||
| 040 |
_aMUNICIPALIDAD PROVINCIAL DEL CUSCO _cBIBLIOTECA MUNICIPAL DEL CUSCO |
||
| 082 |
_a868.672 / _bAL36 |
||
| 100 |
_aAlberti, Rafael _98832 |
||
| 245 | _aMarinero en tierra (1924.) / | ||
| 260 |
_aBuenos Aires : _bLosada, _c1945. |
||
| 300 |
_a159 paginas ; _c18 cm. |
||
| 505 | _aContenido : A un capitán de navío -- Del poeta a un pintor -- Santoral agreste -- Alba de noche oscura -- Malva luna de yelo... | ||
| 650 |
_aPoesias españolas _92005 |
||
| 650 |
_aEspaña _9176 |
||
| 650 |
_aLiteratura europea _9894 |
||
| 942 |
_2ddc _cLIBROS |
||
| 945 |
_awnts _d201-05-3 |
||